Blind man's garden (Record no. 324271)
[ view plain ]
| 000 -LEADER | |
|---|---|
| fixed length control field | 00305 a2200133 4500 |
| 001 - CONTROL NUMBER | |
| control field | 89198 |
| 082 ## - DEWEY DECIMAL CLASSIFICATION NUMBER | |
| Classification number | 823.914 NAD |
| 090 ## - LOCALLY ASSIGNED LC-TYPE CALL NUMBER (OCLC); LOCAL CALL NUMBER (RLIN) | |
| -- | 42148 |
| -- | 42148 |
| 100 ## - MAIN ENTRY--PERSONAL NAME | |
| Personal name | NAdeem Aslam |
| 245 ## - TITLE STATEMENT | |
| Title | Blind man's garden |
| 260 ## - PUBLICATION, DISTRIBUTION, ETC. | |
| Place of publication, distribution, etc. | India |
| Name of publisher, distributor, etc. | Random House |
| Date of publication, distribution, etc. | 2013 |
| 300 ## - PHYSICAL DESCRIPTION | |
| Extent | 415 p. |
| Other physical details | Hb |
| 740 ## - ADDED ENTRY--UNCONTROLLED RELATED/ANALYTICAL TITLE | |
| Uncontrolled related/analytical title | Blind man garden |
| 942 ## - ADDED ENTRY ELEMENTS (KOHA) | |
| Institution code [OBSOLETE] | CAE NUST |
| Call number prefix | 823.914 NAD |
| Withdrawn status | Lost status | Damaged status | Not for loan | Collection code | Permanent Location | Current Location | Date acquired | Total Checkouts | Full call number | Barcode | Date last seen | Price effective from | Koha item type |
|---|---|---|---|---|---|---|---|---|---|---|---|---|---|
| College of Aeronautical Engineering (CAE) | College of Aeronautical Engineering (CAE) | 04/03/2017 | 823.914 NAD | CAE86082 | 04/05/2017 | 04/05/2017 | Book |
